000 00625nam a2200181 i 4500
001 70046
003 ES-MaACL
005 20240111173642.0
007 t|
008 040715s1967 sp ||||1| spa d
100 1 _aGarcía de Mirasierra y Sánchez, Manuel.
_954474
245 1 0 _aPasado, presente y futuro del control e inspección de medicamentos /
_cManuel García de Mirasierra y Sánchez.
260 _aMadrid :
_bAcademia de Farmacia,
_c1967.
300 _a50 p. ;
_c24 cm.
710 2 _aAcademia Nacional de Farmacia (España)
_9164430
852 _aES-MaACL
_j2062-F-17
_bR.65299
999 _c70046
_d70046